| 000 | 02043nam0a2200409 4500 | ||
|---|---|---|---|
| 001 | RU\NLR\bibl\914732 | ||
| 005 | 20260405100535.0 | ||
| 010 |
_a5-8044-0628-0 _9500 |
||
| 021 |
_aRU _b2005-84948 _94207 |
||
| 035 | _a(nilc)RSL-KNO-002809264 | ||
| 035 | _a(NLR Aleph) 000903044 | ||
| 090 |
_a6100 _c6100 |
||
| 100 | _a20051223d2005 |||y0rusy50 ca | ||
| 101 | 0 | _arus | |
| 102 | _aRU | ||
| 105 | _aa ||||||||| | ||
| 106 | _ar | ||
| 200 | 1 |
_aКостюм рубежа третьего тысячелетия: cемиотика, ассоциации, психоанализ _dCostume of the border of the third millennium: semiotics, assotiations, psychoanalysis _fА.И. Затулий _gМ-во образования и науки РФ, Федер. агентство по образованию, Комсом.-на-Амуре гос. техн. ун-т _zeng |
|
| 210 |
_aВладивосток _cДальнаука _d2005 |
||
| 215 |
_a213 с. _cил., цв. ил. _d27 |
||
| 300 | _aАвт. также на англ. яз.: A.I. Zatuliy | ||
| 320 | _aБиблиогр.: с. 176-191 (542 назв.) | ||
| 320 | _aБиблиогр. в прим.5 с. 192-213 | ||
| 510 | 0 |
_6z20790 _aCostume of the border of the third millennium: semiotics, assotiations, psychoanalysis _zeng |
|
| 606 | 1 |
_aКостюм _xТеория _92244418 _3RU\NLR\auth\661346573 |
|
| 610 | 0 | _aПроизводства легкой промышленности -- Швейное производство -- Моделирование и конструирование швейных изделий | |
| 686 |
_aМ4-2,0 _2rubbk |
||
| 686 | _aЩ126.60 | ||
| 700 | 1 |
_4070 _8rus _7ca _aЗатулий _bА. И. _gАльбина Игоревна _3RU\NLR\auth\7736699 _919688 |
|
| 790 | 1 |
_4070 _8rus _7ba _aZatulij _bA. I. _gAl'bina Igorevna _3RU\NLR\auth\7736701 _919690 |
|
| 801 | 0 |
_aRU _bРКП _c20051223 _grcr |
|
| 801 | 1 |
_aRU _bРГБ _c20051223 |
|
| 801 | 2 |
_aRU _bNLR _c20060310 _grcr |
|
| 830 | _aАвт. по кн. | ||
| 942 | _cBOOK | ||
| 980 | _aNB | ||